[Event "SUI-ch U12"]
[Site "Kreuzlingen"]
[Date "2016.07.01"]
[Round "3"]
[White "Kannan, Ritish"]
[Black "Python, Noe"]
[Result "0-1"]
[WhiteElo "1516"]
[BlackElo "1502"]
[PlyCount "56"]
[EventDate "2016.06.30"]
[EventType "swiss"]
[EventRounds "7"]
[EventCountry "SUI"]
[SourceTitle "EXT 2017"]
[Source "ChessBase"]
[SourceDate "2016.10.25"]
[SourceVersion "1"]
[SourceVersionDate "2016.10.25"]
[SourceQuality "1"]

1. d4 d6 2. c4 e5 3. dxe5 dxe5 4. Qxd8+ Kxd8 5. e4 Nf6 6. Nc3 c6 7. Nf3 Nbd7 8. Bg5 Bd6 9. Rd1 Kc7 10. Be2 h6 11. Bh4 g5 12. Bg3 Re8 13. 0-0 Bb4 14. Bd3 g4 15. Nh4 Nc5 16. Rfe1 Bxc3 17. bxc3 Nxd3 18. Rxd3 Kb6 19. Rd6 Ng8 20. Nf5 Kc5 21. Red1 Bxf5 22. exf5 Kxc4 23. Rd7 Re7 24. Rxe7 Nxe7 25. Bxe5 Nxf5 26. g3 Re8 27. Re1 f6 28. Re4+ Kd5 0-1